Statistics for Full 2017 NFL Draft

Click here to take the quiz!

General Stats

  • This quiz has been taken 2,019 times
  • The average score is 59 of 253

Answer Stats

RoundPickTeamPositionCollegePlayer% Correct
11Cleveland BrownsDefensive EndTexas A&MMyles Garrett
95%
2Chicago BearsQuarterbackNorth CarolinaMitchell Trubisky
92%
10Kansas City ChiefsQuarterbackTexas TechPatrick Mahomes II
87%
12Houston TexansQuarterbackClemsonDeshaun Watson
86%
4Jacksonville JaguarsRunning BackLSULeonard Fournette
84%
7Los Angeles ChargersWide ReceiverClemsonMike Williams
82%
98Arizona CardinalsWide ReceiverGramblinChad Williams
81%
134Green Bay PackersRunning BackBYUJamaal Williams
81%
121San Francisco 49ersRunning BackUtahJoe Williams
81%
42New Orleans SaintsSafetyUtahMarcus Williams
81%
240Jacksonville JaguarsFullbackMiamiMarquez Williams
81%
78Baltimore RavensOutside LinebackerAlabamaTim Williams
81%
6New York JetsSafetyLSUJamal Adams
80%
248Pittsburgh SteelersDefensive EndWestern MichiganKeion Adams
79%
93Green Bay PackersDefensive TackleAuburnMontravius Adams
79%
170Minnesota VikingsWide ReceiverSouth FloridaRodney Adams
79%
8Carolina PanthersRunning BackStanfordChristian McCaffrey
78%
5Tennessee TitansWide ReceiverWestern MichiganCorey Davis
75%
21Detroit LionsInside LinebackerFloridaJarrad Davis
74%
11New Orleans SaintsCornerbackOhio StateMarshon Lattimore
74%
209Washington RedskinsWide ReceiverGeorgia StateRobert Davis
74%
9Cincinnati BengalsWide ReceiverWashingtonJohn Ross
73%
19Tampa Bay BuccaneersTight EndAlabamaO.J. Howard
67%
3San Francisco 49ersDefensive EndStanfordSolomon Thomas
66%
30Pittsburgh SteelersOutside LinebackerWisconsinT.J. Watt
66%
216Dallas CowboysCornerbackFlorida StateMarquez White
64%
27Buffalo BillsCornerbackLSUTre'Davious White
64%
23New York GiantsTight EndOle MissEvan Engram
63%
29Cleveland BrownsTight EndMiamiDavid Njoku
61%
182Green Bay PackersRunning BackUTEPAaron Jones
59%
204New York JetsCornerbackOle MissDerrick Jones
59%
198San Francisco 49ersDefensive TackleOle MissD.J. Jones
59%
61Green Bay PackersSafetyNC StateJosh Jones
59%
102Seattle SeahawksDefensive TackleNorth CarolinaNazair Jones
59%
43Philadelphia EaglesCornerbackWashingtonSidney Jones
59%
37Buffalo BillsWide ReceiverEast CarolinaZay Jones
59%
18Tennessee TitansCornerbackUSCAdoree Jackson
58%
112Chicago BearsSafetyAlabamaEddie Jackson
58%
16Baltimore RavensCornerbackAlabamaMarlon Humphrey
58%
173Pittsburgh SteelersCornerbackUtahBrian Allen
57%
17Washington RedskinsDefensive EndAlabamaJonathan Allen
57%
100Tennessee TitansTight EndFIUJonnu Smith
57%
15Indianapolis ColtsSafetyOhio StateMalik Hooker
57%
25Cleveland BrownsSafetyMichiganJabrill Peppers
54%
41Minnesota VikingsRunning BackFlorida StateDalvin Cook
51%
13Arizona CardinalsOutside LinebackerTempleHaason Reddick
48%
48Cincinnati BengalsRunning BackOklahomaJoe Mixon
46%
14Philadelphia EaglesDefensive EndTennesseeDerek Barnett
45%
115Arizona CardinalsGuardPittsburghDorian Johnson
45%
109Minnesota VikingsDefensive TackleIowaJaleel Johnson
45%
91Los Angeles RamsSafetyBoston CollegeJohn Johnson
45%
160Cleveland BrownsOffensive TackleFlorida StateRoderick Johnson
45%
20Denver BroncosOffensive TackleUtahGarett Bolles
44%
67New Orleans SaintsRunning BackTennesseeAlvin Kamara
43%
36Arizona CardinalsSafetyWashingtonBudda Baker
42%
148Jacksonville JaguarsInside LinebackerOhioBlair Brown
41%
155Tennessee TitansOutside LinebackerUCLAJayon Brown
41%
239Dallas CowboysWide ReceiverOhio StateNoah Brown
41%
28Dallas CowboysDefensive EndMichiganTaco Charlton
41%
52Cleveland BrownsQuarterbackNotre DameDeShone Kizer
40%
31San Francisco 49ersInside LinebackerAlabamaReuben Foster
40%
69Los Angeles RamsWide ReceiverEastern WashingtonCooper Kupp
36%
62Pittsburgh SteelersWide ReceiverUSCJuJu Smith-Schuster
36%
233Green Bay PackersCornerbackWashingtonKevin King
36%
32New Orleans SaintsOffensive TackleWisconsinRyan Ramczyk
36%
34Jacksonville JaguarsOffensive TackleAlabamaCam Robinson
35%
40Carolina PanthersWide ReceiverOhio StateCurtis Samuel
35%
22Miami DolphinsDefensive EndMissouriCharles Harris
33%
86Kansas City ChiefsRunning BackToledoKareem Hunt
33%
26Atlanta FalconsDefensive EndUCLATakkarist McKinley
33%
24Oakland RaidersCornerbackOhio StateGareon Conley
31%
44Los Angeles RamsTight EndSouth AlabamaGerald Everett
29%
39New York JetsSafetyFloridaMarcus Maye
29%
105Pittsburgh SteelersRunning BackPittsburghJames Conner
26%
49Washington RedskinsOutside LinebackerAlabamaRyan Anderson
26%
84Tampa Bay BuccaneersWide ReceiverPenn StateChris Godwin
24%
207Cincinnati BengalsCornerbackHoustonBrandon Wilson
23%
38Los Angeles ChargersGuardWestern KentuckyForrest Lamp
23%
126Cleveland BrownsCornerbackHoustonHoward Wilson
23%
46Indianapolis ColtsCornerbackFloridaQuincy Wilson
23%
104San Francisco 49ersQuarterbackIowaC.J. Beathard
22%
226Seattle SeahawksWide ReceiverEast CentralDavid Moore
22%
146San Francisco 49ersTight EndIowaGeorge Kittle
22%
253Denver BroncosQuarterbackOle MissChad Kelly
21%
87New York GiantsQuarterbackCaliforniaDavis Webb
21%
135Pittsburgh SteelersQuarterbackTennesseeJoshua Dobbs
21%
143Indianapolis ColtsRunning BackSouth FloridaMarlon Mack
20%
119Chicago BearsRunning BackNorth Carolina A&TTarik Cohen
20%
72Tennessee TitansWide ReceiverWestern KentuckyTaywan Taylor
20%
177San Francisco 49ersWide ReceiverLouisiana TechTrent Taylor
20%
194Miami DolphinsDefensive TackleOklahoma StateVincent Taylor
20%
156Atlanta FalconsRunning BackWyomingBrian Hill
19%
95Seattle SeahawksSafetyMichiganDelano Hill
19%
89Houston TexansRunning BackTexasD'Onta Foreman
19%
90Seattle SeahawksCornerbackUCFShaquill Griffin
19%
60Dallas CowboysCornerbackColoradoChidobe Awuzie
18%
110Jacksonville JaguarsWide ReceiverOklahomaDede Westbrook
18%
96Detroit LionsWide ReceiverNorthern IllinoisKenny Golladay
18%
57Houston TexansInside LinebackerVanderbiltZach Cunningham
18%
45Chicago BearsTight EndAshlandAdam Shaheen
17%
35Seattle SeahawksDefensive TackleMichigan StateMalik McDowell
17%
94Pittsburgh SteelersCornerbackTennesseeCam Sutton
16%
55New York GiantsDefensive TackleAlabamaDalvin Tomlinson
16%
5145Denver BroncosTight EndMichiganJake Butt
16%
193Cincinnati BengalsInside LinebackerOklahomaJordan Evans
16%
50Tampa Bay BuccaneersSafetyTexas A&MJustin Evans
16%
171Buffalo BillsQuarterbackPittsburghNathan Peterman
16%
114Washington RedskinsRunning BackOklahomaSamaje Perine
16%
53Detroit LionsCornerbackFloridaTeez Tabor
16%
161Indianapolis ColtsInside LinebackerNorthwesternAnthony Walker Jr.
15%
51Denver BroncosDefensive EndFlorida StateDeMarcus Walker
15%
92Dallas CowboysCornerbackMichiganJourdan Lewis
15%
54Miami DolphinsInside LinebackerOhio StateRaekwon McMillan
15%
47Baltimore RavensOutside LinebackerHoustonTyus Bowser
15%
58Seattle SeahawksCenterLSUEthan Pocic
14%
140New York GiantsRunning BackClemsonWayne Gallman
14%
116Cincinnati BengalsDefensive EndAuburnCarl Lawson
13%
63Buffalo BillsGuardTempleDion Dawkins
13%
237Miami DolphinsWide ReceiverVirginia TechIsaiah Ford
13%
365Cleveland BrownsDefensive TackleCharlotteLarry Ogunjobi
13%
56Oakland RaidersSafetyConnecticutObi Melifonwu
13%
208Arizona CardinalsSafetyAuburnRudy Ford
13%
191Dallas CowboysSafetyLouisiana TechXavier Woods
13%
82Denver BroncosWide ReceiverLouisiana TechCarlos Henderson
12%
186Baltimore RavensSafetyVirginia TechChuck Clark
12%
203Denver BroncosRunning BackCoastal CarolinaDe'Angelo Henderson
12%
197New York JetsCornerbackMichiganJeremy Clark
12%
64Carolina PanthersOffensive TackleWestern MichiganTaylor Moton
12%
79New York JetsWide ReceiverAlabamaArDarius Stewart
11%
215Detroit LionsQuarterbackMiamiBrad Kaaya
11%
249Seattle SeahawksRunning BackOklahoma StateChristopher Carson
11%
144Indianapolis ColtsDefensive TackleAlbany StateGrover Stewart
11%
73Cincinnati BengalsDefensive EndKansas StateJordan Willis
11%
70Minnesota VikingsCenterOhio StatePat Elflein
11%
111Seattle SeahawksSafetyColoradoTedric Thompson
11%
66San Francisco 49ersCornerbackColoradoAhkello Witherspoon
10%
76New Orleans SaintsOutside LinebackerFloridaAlex Anzalone
10%
71Los Angeles ChargersGuardIndianaDan Feeney
10%
83New England PatriotsDefensive EndYoungstown StateDerek Rivers
10%
132Philadelphia EaglesRunning BackSan Diego StateDonnel Pumphrey
10%
117Los Angeles RamsWide ReceiverTexas A&MJosh Reynolds
10%
118Philadelphia EaglesWide ReceiverNorth CarolinaMack Hollins
10%
99Philadelphia EaglesCornerbackWest VirgniaRasul Douglas
10%
133Dallas CowboysWide ReceiverNorth CarolinaRyan Switzer
10%
103New Orleans SaintsDefensive EndFAUTrey Hendrickson
10%
106Seattle SeahawksWide ReceiverMichiganAmara Darboh
9%
75Atlanta FalconsInside LinebackerLSUDuke Riley
9%
153Cincinnati BengalsKickerMemphisJake Elliott
9%
59Kansas City ChiefsDefensive EndVillanovaTanoh Kpassagnon
9%
224Cleveland BrownsKickerArizona StateZane Gonzalez
9%
85New England PatriotsOffensive TackleTroyAntonio Garcia
8%
142Houston TexansDefensive TackleClemsonCarlos Watkins
8%
77Carolina PanthersDefensive EndTexas A&MDaeshon Hall
8%
68Jacksonville JaguarsDefensive EndIllinoisDawaune Smoot
8%
131New England PatriotsDefensive EndArkansasDeatrich Wise Jr.
8%
232Minnesota VikingsOutside LinebackerKansas StateElijah Lee
8%
81Washington RedskinsCornerbackUCLAFabien Moreau
8%
243Houston TexansCenterBaylorKyle Fuller
8%
168Oakland RaidersOutside LinebackerWake ForestMarquel Lee
8%
163Buffalo BillsOutside LinebackerBoston CollegeMatt Milano
8%
127Detroit LionsTight EndToledoMichael Roberts
8%
113Los Angeles ChargersSafetyMiamiRayshawn Jenkins
8%
201Minnesota VikingsTight EndVirginia TechBucky Hodges
7%
150New York JetsTight EndClemsonJordan Leggett
7%
166Philadelphia EaglesWide ReceiverWest VirginiaShelton Gibson
7%
120Minnesota VikingsInside LinebackerMichiganBen Gedeon
6%
6185Cleveland BrownsDefensive TackleFloridaCaleb Brantley
6%
141New York JetsWide ReceiverCaliforniaChad Hansen
6%
97Miami DolphinsCornerbackClemsonCordrea Tankersley
6%
129Oakland RaidersGuardFloridaDavid Sharpe
6%
233Carolina PanthersKickerGeorgia TechHarrison Butker
6%
172Denver BroncosWide ReceiverGeorgiaIsaiah McKenzie
6%
130Houston TexansOffensive TackleBucknellJulien Davenport
6%
247Green Bay PackersWide ReceiverLSUMalachi Dupre
6%
167New York GiantsDefensive EndYoungstown StateAvery Moss
5%
152Carolina PanthersCornerbackMiamiCorn Elder
5%
149Atlanta FalconsCornerbackSan Diego StateDamontae Kazee
5%
178Miami DolphinsDefensive TackleLSUDavon Godchaux
5%
88Oakland RaidersDefensive TackleUCLAEddie Vanderdoes
5%
188New York JetsRunning BackLouisiana LafayetteElijah McGuire
5%
124Detroit LionsOutside LinebackerTennesseeJalen Reeves-Maybin
5%
139Kansas City ChiefsWide ReceiverMichiganJehu Chesson
5%
162Tampa Bay BuccaneersRunning BackBoise StateJeremy McNichols
5%
154Washington RedskinsTight EndArkansasJeremy Sprinkle
5%
147Chicago BearsGuardKutztownJordan Morgan
5%
128Cincinnati BengalsWide ReceiverTennesseeJosh Malone
5%
107Tampa Bay BuccaneersInside LinebackerLSUKendell Beckwith
5%
123Washington RedskinsSafetyMichigan StateMontae Nicholson
5%
138Cincinnati BengalsDefensive TackleMichiganRyan Glasgow
5%
125Los Angeles RamsOutside LinebackerEastern WashingtonSamson Ebukam
5%
80Indianapolis ColtsDefensive EndOhioTarell Basham
5%
179Arizona CardinalsRunning BackNorth CarolinaT.J. Logan
5%
4108Green Bay PackersOutside LinebackerWisconsinVince Biegel
5%
101Denver BroncosCornerbackLamarBrendan Langley
4%
74Baltimore RavensDefensive TackleMichiganChris Wormley
4%
211New England PatriotsOffensive TackleUCLAConor McDermott
4%
151Los Angeles ChargersSafetyIowaDesmond King
4%
242Oakland RaidersRunning BackNorth CarolinaElijah Hood
4%
222Jacksonville JaguarsCornerbackMinnesotaJalen Myrick
4%
165Detroit LionsCornerbackSan DiegoJamal Agnew
4%
231Oakland RaidersOffensive TackleAlabama StateJylan Ware
4%
252Cleveland BrownsRunning BackNC StateMatthew Dayes
4%
122Baltimore RavensGuardSan Diego StateNico Siragusa
4%
206Los Angeles RamsFullbackVirginia TechSam Rogers
4%
7219Minnesota VikingsWide ReceiverMiamiStacy Coley
4%
137Indianapolis ColtsOffensive TackleUSCZach Banner
4%
200New York GiantsGuardPittsburghAdam Bisnowaty
3%
229San Francisco 49ersSafetyMiamiAdrian Colbert
3%
196New Orleans SaintsDefensive EndMiamiAl-Quadin Muhammad
3%
199Washington RedskinsCenterWyomingChase Roullier
3%
180Minnesota VikingsGuardMiamiDanny Isidora
3%
175Green Bay PackersWide ReceiverPurdueDeangelo Yancey
3%
238Green Bay PackersFullbackUtah StateDevante Mays
3%
214Philadelphia EaglesDefensive TackleWashingtonElijah Qualls
3%
174Atlanta FalconsTight EndDrakeEric Saubert
3%
220Minnesota VikingsDefensive EndNorthwesternIfeadi Odenigbo
3%
164Miami DolphinsGuardUtahIsaac Asiata
3%
225Los Angeles ChargersDefensive EndNotre DameIsaac Rochell
3%
245Minnesota VikingsCornerbackNC StateJack Tocho
3%
159Baltimore RavensOffensive TackleTexas A&MJermaine Eluemunor
3%
241Tennessee TitansRunning BackCaliforniaKhalfrani Muhammad
3%
187Seattle SeahawksSafetyCincinnatiMike Tyson
3%
184Philadelphia EaglesSafetyNebraskaNathan Gerry
3%
190Los Angeles ChargersDefensive TackleUtahSam Tevi
3%
136Atlanta FalconsCenterOregon StateSean Harlow
3%
195Buffalo BillsOutside LinebackerBoise StateTanner Vallejo
3%
189Los Angeles RamsDefensive TackleTulaneTanzel Smart
3%
244Oakland RaidersDefensive TackleToledoTreyvon Hester
3%
157Arizona CardinalsOffensive TackleVanderbiltWill Holden
3%
192Carolina PanthersDefensive EndWest GeorgiaAlexander Armah
2%
236Tennessee TitansOffensive TackleVillanovaBrad Seaton
2%
213Pittsburgh SteelersLong SnapperLouisvilleColin Holba
2%
217Tennessee TitansGuardChattanoogaCorey Levin
2%
181New York JetsDefensive EndWest GeorgiaDylan Donahue
2%
205Detroit LionsDefensive EndArkansasJeremiah Ledbetter
2%
176Cincinnati BengalsCenterUtahJ.J. Dielman
2%
228Dallas CowboysDefensive TackleFloridaJoey Ivie
2%
246Dallas CowboysDefensive TackleColoradoJordan Carrell
2%
227Tennessee TitansOutside LinebackerTCUJosh Carraway
2%
230Washington RedskinsSafetyLouisvilleJosh Harvey-Clemons
2%
235Washington RedskinsCornerbackAuburnJosh Holsey
2%
210Seattle SeahawksOffensive TackleMississippi StateJustin Senior
2%
212Green Bay PackersOffensive TackleSouth FloridaKofi Amichia
2%
218Kansas City ChiefsSafetyUSCLeon McQuay III
2%
251Cincinnati BengalsTight EndBuffaloMason Schreck
2%
158Indianapolis ColtsCornerbackTempleNate Hairston
2%
250Detroit LionsDefensive EndEastern MichiganPat O'Connor
2%
202San Francisco 49ersDefensive EndUtahPita Taumoepenu
2%
221Oakland RaidersSafetyWashington StateShalom Luani
2%
169Houston TexansCornerbackOregon StateTreston Decoud
2%
183Kansas City ChiefsInside LinebackerGeorgia SouthernUkeme Eligwe
2%
234Los Angeles RamsOutside LinebackerPittsburghEjuan Price
1%
223Tampa Bay BuccaneersDefensive TackleUSCSteve Tu'lkolovatu
1%

Score Distribution

Percentile by Number Answered

Percent of People with Each Score

Your Score History

You have not taken this quiz